Dozorné, kontrolné a riadiace činnosti /

Na minha lista:
Detalhes bibliográficos
Autor principal: Schmidtke, Heinz (Author)
Outros Autores: Hubač, M (Translator)
Formato: Livro
Idioma:eslovaco
Publicado em: Bratislava : Práca, 1970
Tags: Adicionar Tag
Sem tags, seja o primeiro a adicionar uma tag!

MARC

LEADER 00000nam a22000003a 4500
001 stu41871
005 20150617225720.0
008 940126s1970----cs------------------slo-d
040 |a STU  |b slo 
041 0 |a slo 
044 |a cs 
100 1 |a Schmidtke, Heinz  |4 aut 
245 1 |a Dozorné, kontrolné a riadiace činnosti /  |c [aut.]Heinz Schmidtke; Z nem. M. Hubač 
260 |a Bratislava :  |b Práca,  |c 1970 
300 |a 75 s 
700 1 |a Hubač, M  |4 trl 
996 |b 284M012697  |c M*5456-1  |l MMKN  |s A  |a 24  |w stu41871_0001